Vydělejte na pořádku Facility Management

Kedy a kde sú potrebné informácie priestorového charakteru. Facility management určený na správu priestorov využívaných firmou prostredníctvom počítača. Výhody a podstata Computer Aided Facility Management. CAFM systém ALLFA.

Saved in:
Bibliographic Details
Main Author: Chládek, Josef
Format: Book Chapter
Language:Czech
Subjects:
Tags: Add Tag
No Tags, Be the first to tag this record!

MARC

LEADER 00000naa a2200000 4500
001 r035557
005 20230612103937.0
041 0 |a cze 
044 |a CZ 
245 1 0 |a Vydělejte na pořádku  |b Facility Management  |c Josef Chládek 
520 |a Kedy a kde sú potrebné informácie priestorového charakteru. Facility management určený na správu priestorov využívaných firmou prostredníctvom počítača. Výhody a podstata Computer Aided Facility Management. CAFM systém ALLFA. 
610 2 0 |a budovy 
610 2 0 |a facility management 
610 2 0 |a stavby 
610 2 0 |a manažment 
610 2 0 |a technika výpočtová 
610 2 0 |a objekty stavebné 
610 2 0 |a Computer Aided Facility Management 
100 1 |a Chládek, Josef